00516nam a2200169Ia 450000500170000000800410001704000190005804100120007708200170008924500930010626000390019930000290023865000130026765100280028070000280030885000100033620230424101654.0131103s9999 xx 000 0 und d aLoreto College aEnglish a338.954bSRI 2aA comparative study of four five - year plansb a digest cedited by Pannalal Srivastava aCalcuttabBookland Pvt. Ltd.c1965 a[5],270 p.b ill.,tables aEconomic aIndia - Economic Policy aSrivastava,Pannalal,ed. aLCLIB